Statistics for Most Populous Mexican States

Click here to take the quiz!

General Stats

  • This quiz has been taken 13 times
  • The average score is 8 of 10

Answer Stats

Population State % Correct
8,918,653Ciudad de Mexico
100%
16,187,608Mexico
92%
8,112,505Veracruz
85%
6,168,883Puebla
85%
7,844,830Jalisco
77%
5,119,504Nuevo Leon
77%
5,853,677Guanajuato
69%
5,217,908Chiapas
69%
3,967,889Oaxaca
69%
4,584,471Michoacan
62%

Score Distribution

Percentile by Number Answered

Percent of People with Each Score

Your Score History

You have not taken this quiz